Online
Catalog

500 preguntas contestadas por un abogado : (Record no. 27559)

MARC details
000 -CABECERA
campo de control de longitud fija 00732nam a2200181 a 4500
001 - NÚMERO DE CONTROL
campo de control 000028067
005 - FECHA Y HORA DE LA ÚLTIMA TRANSACCIÓN
campo de control 20200930031324.0
008 - DATOS DE LONGITUD FIJA--INFORMACIÓN GENERAL
campo de control de longitud fija 110406s1997 dr 000 0 spa d
040 ## - FUENTE DE LA CATALOGACIÓN
Centro catalogador/agencia de origen DO-SdBNP
Lengua de catalogación spa
Centro/agencia transcriptor BNPHU
049 ## - FONDOS LOCALES (OCLC)
Fondos de biblioteca BNPD
100 1# - ENTRADA PRINCIPAL--NOMBRE DE PERSONA
Nombre de persona Monclus C., Juan Francisco
9 (RLIN) 19465
245 10 - MENCIÓN DE TÍTULO
Título 500 preguntas contestadas por un abogado :
Resto del título divididas en cinco cuadernillos de 100 preguntas y respuestas /
Mención de responsabilidad, etc. Juan Francisco Monclus C.
246 10 - FORMA VARIANTE DE TÍTULO
Título propio/Titulo breve Quinientas preguntas contestadas por un abogado :
Resto del título divididas en cinco cuadernillos de 100 preguntas y respuestas
260 ## - PUBLICACIÓN, DISTRIBUCIÓN, ETC.
Lugar de publicación, distribución, etc. Santo Domingo :
Nombre del editor, distribuidor, etc. Librería y Papelería la Filantropica,
Fecha de publicación, distribución, etc. 1997.
300 ## - DESCRIPCIÓN FÍSICA
Extensión 33 p. ;
Dimensiones 22 cm.
490 1# - MENCIÓN DE SERIE
Mención de serie 500 Preguntas
Designación de volumen o secuencia 4
830 #0 - PUNTO DE ACCESO ADICIONAL DE SERIE-TÍTULO UNIFORME
Título uniforme 500 Preguntas
Designación de volumen o secuencia 4
9 (RLIN) 55090
Holdings
Estado de retiro Estado de pérdida No para préstamo Código de colección Localización permanente Ubicación/localización actual Ubicación en estantería Fecha de adquisición Número de inventario Total de préstamos Signatura topográfica completa Código de barras Fecha visto por última vez Precio válido a partir de Tipo de ítem Koha Número de copia
    Excluido de préstamo Patrimonio Dominicano Patrimonio Dominicano Patrimonio Dominicano En catalogación 06.04.2011 LF1   28067-10 25.06.2020 25.06.2020 Libro y Folleto Colección Patrimonio Dominicano  
    Excluido de préstamo Patrimonio Dominicano Patrimonio Dominicano Patrimonio Dominicano En catalogación 06.04.2011 LF1   28067-20 25.06.2020 25.06.2020 Libro y Folleto Colección Patrimonio Dominicano e. 2
    Excluido de préstamo Patrimonio Dominicano Patrimonio Dominicano Patrimonio Dominicano En catalogación 06.04.2011 LF1   28067-40 25.06.2020 25.06.2020 Libro y Folleto Colección Patrimonio Dominicano  
      Patrimonio Dominicano Patrimonio Dominicano Patrimonio Dominicano Orden iniciada 06.04.2011 LF1   28068-10 25.06.2020 25.06.2020 Libro y Folleto Colección Patrimonio Dominicano  

Powered by Koha